| 000 | 01319nam a2200421 c 4500 | ||
|---|---|---|---|
| 001 | 16865 | ||
| 003 | ES-MaCES | ||
| 005 | 20141221122441.0 | ||
| 008 | 040902s2003 sp t o100 | spa d | ||
| 017 |
_aM 39381-2003 _bDL |
||
| 035 | _aCES20040011552m | ||
| 040 |
_aES-MaCES _bspa _cES-MaCES |
||
| 245 | 0 | 3 |
_aEl microcrédito en el Norte de África y Oriente Medio _cAgus[t]ín de Asís de Orta (coord.) |
| 260 |
_a[Madrid] _bFundación Promoción Social de la Cultura _c[2003] |
||
| 300 |
_a316 p. _c24 cm |
||
| 504 | _aBibliografía | ||
| 541 | _cGratuito | ||
| 650 | 4 |
_amicrocrédito _931750 |
|
| 650 | 4 |
_asector informal _929194 |
|
| 650 | 4 |
_amicroempresa _930172 |
|
| 650 | 4 |
_acooperación internacional _926635 |
|
| 650 | 4 |
_aAfrica del Norte _926831 |
|
| 650 | 4 |
_aOriente Medio _926982 |
|
| 650 | 4 |
_aMarruecos _926826 |
|
| 650 | 4 |
_aTúnez _926847 |
|
| 650 | 4 |
_aArgelia _926793 |
|
| 650 | 4 |
_aMauritania _926824 |
|
| 650 | 4 |
_aJordania _926979 |
|
| 650 | 4 |
_aLíbano _926981 |
|
| 650 | 4 |
_aPalestina _926984 |
|
| 650 | 4 |
_aestudio de casos _928846 |
|
| 653 | 1 | 0 | _aFinanciación |
| 700 | 1 |
_aAsís Orta, Agustín _ecol. _96679 |
|
| 710 | 2 |
_aFundación Promoción Social de la Cultura _eed. _93893 |
|
| 902 | _aLIB Libro | ||
| 942 |
_2CES _cBK _h0.0. |
||
| 999 |
_c16865 _d16865 |
||